Ligne Palézieux-Bulle-Montbovon - Statistiques

Statistiques générales
  • Ce quiz a été pris 8 fois
  • Le résultat moyen est 17 sur 24
Statistiques - réponses
Réponse % Correct
Albeuve
100%
Bulle
100%
Bulle
100%
Montbovon
100%
Palézieux
100%
Bossonens
75%
Châtel-saint-Denis
75%
Enney
75%
Gruyères
75%
La Tour-de-Trême
75%
La Tour-de-Trême Ronclina
75%
La Verrerie
75%
Le Pâquier-Montbarry
75%
Semsales
75%
Vaulruz-sud
75%
Villars-sous-mont
75%
Vuadens-sud
75%
Broc-Fabrique
50%
Broc-Village
50%
Les Marches
50%
Lessoc
50%
Neirivue
50%
Remaufens
50%
La Tour-de-Trême Parqueterie
25%
Aucun quiz correspondant
Distribution des résultats
% des personnes avec chaque résultat
Percentile par nombre de réponses
Votre historique - résultats
Vous n’avez pas pris ce quiz